00437nam a2200145Ia 4500100002100000942000700021654001200028245007200040260003200112082001600144300000800160546001200168999001700180952009400197 aPowis/Ivan etal  cBK aPhysics aHigh resolution Laser Photoronization and Photoelectron studies bJohn WileyaNew yorkc1995 a537.54bPOW a509 aENGLISH c33050d33050 001040708CRCaCRCEbCRCEd2023-03-17l0o537.54 POWp10253r2023-03-17w2023-03-17yBK